El cristianismo y la civilización (Record no. 162397)

MARC details
000 -LEADER
campo de control de longitud fija 00913nam a22002055i 4500
001 - NÚMERO DE CONTROL
campo de control 162397
003 - IDENTIFICADOR DE NÚMERO DE CONTROL
campo de control ES-MaACL
005 - FECHA Y HORA DE LA ÚLTIMA TRANSACCIÓN
campo de control 20251128063115.0
008 - DATOS DE LONGITUD FIJA--INFORMACIÓN GENERAL
campo de control de longitud fija 010105s1881 sp |||| | spa d
040 ## - FUENTE DE CATALOGACIÓN
Centro catalogador/agencia de origen CCPB | B
Lengua de catalogación spa
Centro/agencia transcriptor CCPB | B
100 2# - ENTRADA PRINCIPAL--NOMBRE DE PERSONA
Nombre de persona Polo y Peyrolón, Manuel,
Fechas asociadas al nombre 1846-1918
9 (RLIN) 131249
245 13 - MENCIÓN DEL TÍTULO
Título El cristianismo y la civilización
Resto del título : discurso leido el dia 2 de febrero de 1881 en la Juventud Católica de Valencia /
Mención de responsabilidad, etc. por Manuel Polo y Peyrolon.
260 ## - PUBLICACIÓN, DISTRIBUCIÓN, ETC.
Lugar de publicación, distribución, etc. Valencia :
Nombre del editor, distribuidor, etc. [s.n.],
Fecha de publicación, distribución, etc. 1881 (
Fabricante imprenta de Manuel Alufre)
300 ## - DESCRIPCIÓN FÍSICA
Extensión 27 p. ;
Dimensiones 24 cm.
594 ## - Nota al título y mención de responsabilidad
Nota al título y mención de responsabilidad Tít. en cub.: "Influencia del cristianismo y la Iglesia Católica en la civilización de los pueblos"
650 #7 - PUNTO DE ACCESO ADICIONAL DE MATERIA--TÉRMINO DE MATERIA
Término de materia o nombre geográfico como elemento de entrada Moral cristiana
Fuente del encabezamiento o término embne
9 (RLIN) 142371
650 #4 - PUNTO DE ACCESO ADICIONAL DE MATERIA--TÉRMINO DE MATERIA
Término de materia o nombre geográfico como elemento de entrada Civilización.
9 (RLIN) 11079
852 ## - LOCALIZACIÓN
Ubicación ES-MaACL
Número de control de estantería T-428-F-11
Nota libre -- Enc. hol.
condición física -- Falto de la cub. original
Nota libre -- Enc. en un vol. facticio
Holdings
Estatus retirado Estado de pérdida Estado de daño No para préstamo Colección Biblioteca de origen Biblioteca actual Ubicación en estantería Fecha de adquisición Total de préstamos Signatura topográfica completa Código de barras Visto por última vez Precio de reemplazo Tipo de ítem Koha
        Colección de folletos Biblioteca del Ateneo de Madrid Biblioteca del Ateneo de Madrid Depósito folletos 17/01/2008   T-428-F-11 1170133 23/02/2023 23/02/2023 Folleto